Statistics for Flags That Look Alike (Often Mistaken)

Click here to take the quiz!

General Stats

  • This quiz has been taken 200 times
  • The average score is 10 of 12

Answer Stats

Answer% Correct
Romania
94%
Australia
93%
New Zealand
92%
Ireland
90%
Chad
88%
Netherlands
88%
Ivory Coast
86%
Indonesia
85%
Luxembourg
85%
Monaco
82%
Senegal
79%
Mali
64%

Score Distribution

Percentile by Number Answered

Percent of People with Each Score

Your Score History

You have not taken this quiz